K úkolům plánu hospodářského a sociálního rozvoje ČSSR na rok 1984 metodický materiál pro lektory Socialistické akadémie ČSSR

Uložené v:
Podrobná bibliografia
Hlavný autor: Věrtelář, Václav
Médium: Kniha
Jazyk:Czech
Vydavateľské údaje: Praha Horizont 1984
Tagy: Pridať tag
Žiadne tagy, Buďte prvý, kto otaguje tento záznam!

MARC

LEADER 00000nam a2200000 4500
001 c114500
005 20150325105502.8
041 0 |a cze 
044 |a CZ 
245 1 0 |a K úkolům plánu hospodářského a sociálního rozvoje ČSSR na rok 1984  |b metodický materiál pro lektory Socialistické akadémie ČSSR  |c Václav Věrtelář 
264 1 |a Praha  |b Horizont  |c 1984 
300 |a 21 s. 
100 1 |a Věrtelář, Václav